Talento De Barrio - Daddy Yankee - Estadísticas

Estadísticas generales
  • Esta prueba ha sido intentada 9 veces
  • La puntuación promedio es 7 de 16
Estadísticas de respuestas
Hint Respuesta % Correcto
Llamado de Emergencia
78%
Pose
67%
ft. Randy Salgo Pa' la Calle
67%
Somos de Calle
56%
No Es Culpa Mía
44%
Oasis de Fantasia
44%
Pa-Kum-Pa!!
44%
Talento de Barrio
44%
Temblor
44%
ft. Arcángel Pasión
33%
Como y Vete
22%
De la Paz y de la Guerra
22%
Infinito
22%
K-Ndela
22%
¿Qué Tengo Que Hacer?
22%
Suelta
22%
No se encontraron pruebas coincidentes
Distribución de puntuación
Porcentaje de gente con cada puntuación
Porcentaje por número respondido
Historial de tus puntuaciones
No has intentado esta prueba.